Automatický generátor testov kombinačných obvodov

Saved in:
Bibliographic Details
Main Author: Švarc, Ján (Author)
Other Authors: Gramatová, Elena (Thesis advisor)
Format: Manuscript Book
Language:Slovak
Published: 2016
Subjects:
Online Access:http://is.stuba.sk/zp/portal_zp.pl?podrobnosti=131382
Tags: Add Tag
No Tags, Be the first to tag this record!

MARC

LEADER 00000ntm a22000003a 4500
001 stuzp58957
003 SK-STU
005 20160719155722.3
007 ta
008 150427s2015----xo-----f-mn---000-0-slo-d
040 |a STU  |b slo 
041 0 |a slo 
100 1 |a Švarc, Ján  |u 070400  |k Z4  |4 aut  |U FIIT Fakulta informatiky a informačných technológií  |T FIIT Ústav počítačového inžinierstva a aplikovanej informatiky  |X 46254  |U I400  |Y 672  |7 A000046254 
242 0 1 |a Automatic Test Generation for Combinational Circuits  |y eng 
245 1 0 |a Automatický generátor testov kombinačných obvodov 
260 |c 2016 
650 4 |a kombinačné obvody  |2 slo 
650 4 |a ATPG  |2 slo 
650 4 |a Atalanta  |2 slo 
650 4 |a ATPG  |2 eng 
650 4 |a digital circuits  |2 eng 
650 4 |a Atalanta  |2 eng 
700 1 |a Gramatová, Elena  |u 070400  |k Z8  |4 ths  |U FIIT Fakulta informatiky a informačných technológií  |T FIIT Ústav počítačového inžinierstva a aplikovanej informatiky  |X 4228  |U I400  |Y 672  |7 4228 
856 4 |u http://is.stuba.sk/zp/portal_zp.pl?podrobnosti=131382 
996 |b 8227  |c I*DP51/2016  |l II680  |s P  |a 0  |w stuzp58957_0001 
SQL |a stuzp58957  |b DDP  |c SLO  |d Automatický generátor testov kombinačných obvodov  |e 46254  |f Švarc, Ján  |g 070400  |h 4228  |i Gramatová, Elena  |j 20160613  |k 211  |l 07  |m http://is.stuba.sk/zp/portal_zp.pl?podrobnosti=131382  |n I-SI2  |o 9.2.5. softvérové inžinierstvo